00328nam a2200109Ia 45000010005000000080041000050200022000460820023000681000032000912450068001232600027001912220241024s9999 xx 000 0 und d a978-9945-8790-1-8 aRD/370.97293/L732f aDinorah Lima (de) Jiménez 0aFormación de docentes y alfabetización. Un estudio de casos bPUCMM/CIEDHUMANOc2011